| 000 | 00383nam a2200145 a 4500 | ||
|---|---|---|---|
| 001 | 000032619 | ||
| 005 | 20200930065735.0 | ||
| 008 | 110719s198- dr 000 0 spa d | ||
| 040 |
_aDO-SdBNP _bspa _cBNPHU |
||
| 082 |
_axxxx _bB615 |
||
| 245 | 0 | 0 | _aBiografía del padre Billini. |
| 260 |
_aSanto Domingo : _bLotería Nacional, _c[198-?]. |
||
| 300 |
_a4 p. ; _c22 cm. |
||
| 049 | _aBNPD | ||
| 999 |
_c32110 _d32110 |
||